European Capitals (Redux) Quiz Stats

Quiz Updated Dec 7, 2015

Also try: Europe (Redux)
Challenge
Share
Tweet
Embed
Score 0/47 Timer 05:00
5 Plays Today
% Correct
???
57.6%
???
57.5%
???
56.8%
???
55.2%
???
55.2%
???
55.2%
???
54.9%
???
54.8%
???
54.6%
???
54.3%
???
53.7%
???
53.5%
???
53.4%
???
53%
???
52.8%
???
52.7%
???
52.6%
???
52.5%
???
52.4%
???
52.3%
???
50.1%
???
48.9%
???
47.6%
???
46.8%
% Correct
???
46.6%
???
45.5%
???
45.5%
???
45.1%
???
44.6%
???
44.1%
???
44%
???
43.9%
???
43.8%
???
43.1%
???
42.9%
???
42.5%
???
42.1%
???
41.3%
???
40.8%
???
39.2%
???
37%
???
36.7%
???
36.5%
???
36.2%
???
34.1%
???
32.7%
???
31.3%

You're not logged in!

Compare scores with friends on all Sporcle quizzes.
Sign Up with Email
OR
Log In

You Might Also Like...

Show Comments

Extras

Top Quizzes Today


Score Distribution

Your Account Isn't Verified!

In order to create a playlist on Sporcle, you need to verify the email address you used during registration. Go to your Sporcle Settings to finish the process.